| 000 | 00879nam a22002895i 4500 | ||
|---|---|---|---|
| 001 | 10776 | ||
| 003 | ES-MaACL | ||
| 005 | 20250826063127.0 | ||
| 007 | t| | ||
| 008 | 921216s1992 sp ||||0| spa j | ||
| 020 | _a84-7683-154-4 | ||
| 040 |
_aM-BN _bspa _cM-BN |
||
| 080 | _a860-14"19" | ||
| 100 | 1 |
_aPanero, Leopoldo María, _d1948-2014 _988768 |
|
| 245 | 1 | 0 |
_aHeroína y otros poemas / _cLeopoldo María Panero ; dibujos de Paz Isla. |
| 250 | _a[1ª ed.]. | ||
| 260 |
_aMadrid : _bLibertarias, _c1992. |
||
| 300 |
_a55 p : _bil ; _c20 cm. |
||
| 490 | 1 | _aLos Libros del Avefénix | |
| 490 | 1 |
_aPoesía (Libertarias) ; _v13 _9123910 |
|
| 700 | 1 |
_aIsla, Paz. _965574 |
|
| 830 | 0 | 4 |
_aLos libros del Avefénix _9228102 |
| 830 | 0 |
_aPoesía (Libertarias) ; _v13 _9123910 |
|
| 852 |
_aES-MaACL _jL-18155 _bR.121949 |
||
| 942 | _2udc | ||
| 999 |
_c10776 _d10776 |
||